000 00728nam a2200217Ia 4500
003 GCL
008 140319s9999 xx 000 0 ara d
020 _a1124505977
040 _aGCL /
_cGCL
082 0 4 _a157.7
_bك ا
100 1 _aكلير فهيم
245 1 0 _aالاضطرابات النفسية للاطفال '' الاسباب- الاعراض- العلاج '' /
_cكلير فهيم
260 _aالقاهرة :
_bمكتبة الانجلوالمصرية ،
_c1993
300 _a338 ص ؛
_c20 سم
650 0 4 _aالصحة النفسية
650 0 4 _aالاطفال
650 0 4 _aعلم النفس
650 0 4 _aالاضطرابات النفسية
650 0 4 _aالعلاج النفسى
942 _2ddc
_cBK
999 _c34698
_d34698